| 000 | 00910nas a2200289 4500 | ||
|---|---|---|---|
| 001 | BR9902263 | ||
| 003 | BR-BrBNA | ||
| 005 | 20231205101407.0 | ||
| 007 | ta | ||
| 008 | 230509b bl.|||p| |||| 00| 00por d | ||
| 040 |
_aBR-BrBNA _bpor _cBiblioteca Nacional de Agricultura |
||
| 041 | _a(Pt) | ||
| 072 | _aL51 | ||
| 100 | 1 | _aBaiao, N.C. | |
| 100 | 1 | _aRodriguez, M.F. | |
| 100 | 1 | _aLucio, C.G. | |
| 100 | 1 | _aCancado, S.V. | |
| 245 | 1 | _aEfeito do periodo de jejum entre o nascimento e o alojamento de pintos sobre o desempenho do frango e a digestibilidade da racao | |
| 650 | _aPinto | ||
| 650 | _aRacao | ||
| 650 | _aConsumo Alimentar | ||
| 650 | _aDieta | ||
| 650 | _aGanho de Peso | ||
| 773 | 0 |
_tArquivo Brasileiro de Medicina Veterinaria e Zootecnia (Brazil) _xISSN 0102-0935 _g(Jun 1998), v. 50(3) p. 321-327 _wBR9902263 |
|
| 909 |
_a202311 _bLúcia _c55 _dLúcia Elande |
||
| 942 |
_2AGRIS _n0 _cANA |
||
| 999 |
_c161556 _d161556 |
||